Teaching archaeology in the twenty-first century / (Record no. 261)

000 -LEADER
fixed length control field 01080cam a2200277 a 4500
003 - CONTROL NUMBER IDENTIFIER
control field OSt
005 - DATE AND TIME OF LATEST TRANSACTION
control field 20210610110408.0
008 - FIXED-LENGTH DATA ELEMENTS--GENERAL INFORMATION
fixed length control field 990624s2000 dcu b 000 0 eng
020 ## - INTERNATIONAL STANDARD BOOK NUMBER
International Standard Book Number 0932839150
040 ## - CATALOGING SOURCE
Transcribing agency DLC
043 ## - GEOGRAPHIC AREA CODE
Geographic area code n-us---
050 00 - LIBRARY OF CONGRESS CALL NUMBER
Classification number CC95
Item number .T45 2000
245 00 - TITLE STATEMENT
Title Teaching archaeology in the twenty-first century /
Statement of responsibility, etc. edited by Susan J. Bender and George S. Smith.
260 ## - PUBLICATION, DISTRIBUTION, ETC.
Place of publication, distribution, etc. Washington, D.C. :
Name of publisher, distributor, etc. Society for American Archaeology,
Date of publication, distribution, etc. 2000.
300 ## - PHYSICAL DESCRIPTION
Extent vi, 152 p. ;
Dimensions 22 cm.
504 ## - BIBLIOGRAPHY, ETC. NOTE
Bibliography, etc. note Includes bibliographical references.
650 #0 - SUBJECT ADDED ENTRY--TOPICAL TERM
Topical term or geographic name entry element Archaeology
General subdivision Study and teaching (Higher)
Geographic subdivision United States.
700 1# - ADDED ENTRY--PERSONAL NAME
Personal name Bender, Susan J.
700 1# - ADDED ENTRY--PERSONAL NAME
Personal name Smith, George S.
906 ## - LOCAL DATA ELEMENT F, LDF (RLIN)
a 7
b cbc
c orignew
d 2
e opcn
f 19
g y-gencatlg
942 ## - ADDED ENTRY ELEMENTS (KOHA)
Source of classification or shelving scheme
Koha item type Book
Suppress in OPAC SO
Holdings
Withdrawn status Lost status Source of classification or shelving scheme Damaged status Not for loan Permanent Location Current Location Shelving location Date acquired Total Checkouts Full call number Barcode Date last seen Price effective from Koha item type Public note
          AU LIBRARY AU LIBRARY Open Shelf 10.06.2021   CC95 .T45 2000 28001071 10.06.2021 10.06.2021 Book SO

Powered by Koha